000 00551nam a22001697a 4500
008 160114b xxu||||| |||| 00| 0 eng d
082 _22005
_aDK12 808.042
_bG673
100 _91676
_aGorrell, Donna
245 _aStyle & difference /
_cDonna Gorrell.
260 _aBoston :
_bHoughton Mifflin Company,
_c2005.
300 _axiii,302 pages :
_billustrations ;
_c21 cm.
500 _aIncludes index.
650 0 _91677
_aEnglish language
_xStyle
650 0 _91679
_aEnglish language
_xGrammar
650 0 _91678
_aEnglish language
_xRhetoric
942 _2ddc
_cDC
999 _c636
_d636